000 00861nam a2200277Ia 4500
003 GCL
008 140319s9999 xx 000 0 ara d
040 _aGCL /
_cGCL
082 0 4 _aق
_b962.02
_bس ن
100 1 _aسيد مصطفى سالم (تحقيق)
245 1 0 _aنصوص يمنية عن الحملة الفرنسية على مصر /
_cسيد مصطفى سالم (تحقيق)
260 _a[S.N] :
_bمركز الدراسات اليمنية ،
_c1989
300 _a175 ص
490 _a
650 0 4 _aالعصر الحديث
650 0 4 _aمصر
650 0 4 _aتاريخ
650 0 4 _aاليمن
650 0 4 _aمخطوطات
650 0 4 _aبلاد الشام
650 0 4 _aالجزيرة العربية
650 0 4 _aنابليون بونابرت
650 0 4 _aعكا
650 0 4 _aعبدالرحمن الجبرتى
942 _2ddc
_cBK
999 _c37224
_d37224